00658nam a2200205Ia 4500003000400000005001700004008004100021020001800062040000600080041001200086082002100098100002100119245003500140260003800175300001200213440000900225942001200234999001900246952018700265OSt20240925151944.0240126s9999 xx 000 0 und d a9780199297955 c0 aEnglish a320.01 VIN;1 R aVincent, Andrew. 4aThe nature of political theory bOxford University PressaNew York aix, 354 aNULL cLL2ddc c291216d291216 r2024-01-26 00:00:00l0o320.01 VIN;1 RpLL1959h(26/06/1905)v3713.12w2024-01-26yLL102ddc40708LAW00aLAWbLAWcLAWd2020-12-04eMPP Houseg48.49ELawK677GPOUNDF102.1V25